Daños en el derecho de familia (Registro nro. 32144)

Detalles MARC
000 -LEADER
fixed length control field 00326 a2200109 4500
001 - CONTROL NUMBER
control field ART_61204
005 - DATE AND TIME OF LATEST TRANSACTION
control field 20260410162010.0
008 - FIXED-LENGTH DATA ELEMENTS--GENERAL INFORMATION
fixed length control field 260409a
100 1# - MAIN ENTRY--PERSONAL NAME
Personal name Montalto, Ana M.
245 10 - TITLE STATEMENT
Title Daños en el derecho de familia
773 0# - HOST ITEM ENTRY
Title Temas de derecho civil
Related parts - Año 10, N° 8/9 (ago./sep. 2024)
Record control number REV34778

No hay ítems disponibles.